Top-Verkäufer - Die Kompetenzen der Besten Der strategische Entwicklungsplan zum High-Performer

Gespeichert in:
Bibliographische Detailangaben
1. Verfasser: Thiemann, Dirk
Weitere Verfasser: Skazel, Rainer
Format: Buch
Sprache:Deutsch
Veröffentlicht: Wiesbaden Springer Gabler 2022
Schlagworte:
Tags: Tag hinzufügen
Keine Tags, Fügen Sie das erste Tag hinzu!

MARC

LEADER 00000nam a2200000 4500
001 0287887
005 20230118123956.2
020 |a 978-3-658-37265-1 
041 0 |a ger 
044 |a DE 
245 1 0 |a Top-Verkäufer - Die Kompetenzen der Besten  |b Der strategische Entwicklungsplan zum High-Performer  |c Dirk Thiemann, Rainer Skazel 
264 1 |a Wiesbaden  |b Springer Gabler  |c 2022 
300 |a 157 s. 
610 2 0 |a predaj 
610 2 0 |a predajcovia 
610 2 0 |a riadenie predaja 
610 2 0 |a distribúcia 
100 1 |a Thiemann, Dirk 
700 1 |a Skazel, Rainer